| 000 | 01280nam a2200361 c 4500 | ||
|---|---|---|---|
| 999 |
_c17251 _d17251 |
||
| 003 | BLK | ||
| 005 | 20250308104543.0 | ||
| 008 | 180413b bul|||||r ||||||| ||bul|| | ||
| 010 | _aKNG00019189000 | ||
| 020 | _a978-954-92533-2-0 | ||
| 040 | _aBLK | ||
| 041 |
_aBUL _cBUL |
||
| 072 | 7 |
_2bullib _aН85 _xДетска художествена литература Н |
|
| 080 |
_aАнглийска литература _b821.111 _x-93-91 _z821.111-93-91 |
||
| 139 |
_aЕлиът, Рейчъл _bЕ 53 |
||
| 245 | 1 | 0 |
_aНеобикновено момиче _cадапт. Рейчъл Елиът; прев. от англ. Николина Петрова. |
| 257 | _aGBR | ||
| 260 |
_bСтудио Арт Лайн _c2010 |
||
| 300 |
_a122 с. _c17 см |
||
| 380 | _aDX | ||
| 490 | 1 |
_aH2O : Just add water _vкн. 1 |
|
| 500 | _aОриг. загл.: No ordinary girl / Rachel Elliot. | ||
| 659 | _aН | ||
| 700 | 1 |
_aЕлиът, Рейчъл _eадапт. _9261832 |
|
| 700 |
_aПетрова, Николина _gПрев. от англ. _9261833 |
||
| 852 | _aЦб І 34038 | ||
| 856 | 4 |
_qpdf _u |
|
| 856 | 4 |
_qpdf _u |
|
| 942 |
_cKNG _n0 _03 |
||
| 944 |
_aCR _c21.03.2011 _k30542 _lРусанова Ирена |
||
| 944 |
_aED _c04.08.2011 |
||
| 999 | _d17251 | ||